| 000 | 01125nam a2200217Ia 4500 | ||
|---|---|---|---|
| 999 |
_c31574 _d31574 |
||
| 003 | OSt | ||
| 005 | 20201018220406.0 | ||
| 008 | 160316s2012 xxu||||| |||| 00| 0 eng d | ||
| 020 | _a9789381292730 | ||
| 040 | _cnls | ||
| 082 |
_a344.030000 _bTRI |
||
| 100 | _aTripathi G P | ||
| 245 | _aLaw and social transformation | ||
| 260 |
_aAllahabad _bCentral Law Publications _c2012 |
||
| 300 | _a408p | ||
| 365 | _b Rs. 280 | ||
| 505 | _aContents: Whether Law follows Social change or leads it , Controversy . Human Law in its Social Contexts. The Organisation of Law. Social Movement in Law. Social Welfare Law & Government. Law, Justice & Freedom. Law Making & Society. Legal system , Law & Social Order. Law & Language. Law & Religion. Caste & Law. Communities & Law. Religionalism & Law. Women & Law. Gender Injustices & Its Vrious Forms. Child & Law. Sarvodaya Socialist Thought on Law & Justice. Morality as content of Law in changing Society. Naxalite Movement : Causes & Cure. Witness Protection : Challenges. | ||
| 650 | _a1. Law - Social Transformation | ||
| 700 |
_a _a |
||
| 942 |
_2ddc _cBK |
||